000 00311nam a22001337a 4500
008 170907b xxu||||| |||| 00| 0 eng d
020 _a0517061392
041 _aeng
080 _a72
100 _a41
101 _aARK
245 _aTHE ARCHITECTURAL HERITAGE OF THE PISCATAQUA
_cHOWELLS,J.M
942 _2udc
_cBK
999 _c26442
_d26442